Muerte y vida de las grandes ciudades (Registro nro. 21819)
[ vista simple ]
| 000 -Cabecera | |
|---|---|
| Campo de control interno | 00903nam a2200265Ia 4500 |
| 005 - Fecha y hora del registro | |
| control field | 20260320113315.0 |
| 008 - Elementos de Longitud Fija | |
| fixed length control field | 260320s9999||||xx |||||||||||||| ||und|| |
| 020 ## - ISBN | |
| ISBN | 9788493898502 |
| 041 ## - Idioma | |
| Codigo Idioma | ESP |
| 082 ## - DEWEY y NOTACIÓN INTERNA | |
| Dewey | 711.4 |
| Notación Interna | J13 |
| 100 ## - AUTOR | |
| Autor denominación | Jacobs, Jane, |
| Término de relación | autor |
| 245 #0 - TÍTULO DE MATERIAL BIBLIOGRÁFICO | |
| Título | Muerte y vida de las grandes ciudades |
| Título paralelo | |
| 246 ## - TÍTULO TRADUCIDO | |
| Título | The death and life of great american cities (1961) |
| Título paralelo | |
| Autor | |
| 250 ## - EDICIÓN | |
| Edición | Tercera edición |
| 260 ## - CIUDAD, EDITORIAL, AÑO | |
| Ciudad | Madrid : |
| Nombre de la Editorial | Caitán Swing Libros, |
| Año | 2013 |
| 300 ## - DESCRIPCIÓN | |
| N° Páginas | 487 páginas : |
| Otros detalles | |
| Dimensiones | 22 cm. |
| Material Adicional | |
| 440 ## - MENCIÓN DE SERIE | |
| Título de la Serie | (Colección Entrelíneas) |
| Número de Serie | |
| Volumen de Serie | |
| 650 ## - TEMAS | |
| Temas | Las Artes |
| 653 ## - DESCRIPTORES | |
| Lenguajes no controlado | Arquitectura; Urbanismo; Ciudades y pueblos; Política urbana |
| 654 ## - PROGRAMAS | |
| Programa | Dpto. Arquitectura y Urbanismo |
| 700 ## - OTROS AUTORES | |
| Otros autores | Abad, Ángel; Useros, Ana; |
| Títulos y otras palabras asociadas con el nombre | traductor |
| 856 ## - URL - UBICACIÓN | |
| URI/URL: Enlace exacto del recurso | <a href="https://www-elcroquisdigital-com.ucsp.lookproxy.com/">https://www-elcroquisdigital-com.ucsp.lookproxy.com/</a> |
| Nota pública: Versión digital | <a href="Véase además: Base de datos El Croquis Biblioteca Digital">Véase además: Base de datos El Croquis Biblioteca Digital</a> |
| 942 ## - ELEMENTOS DE KOHA | |
| Tipo de documento | Libro |
| Nombre del creador | Justo Noguera |
| Código de catalogador | Margarita Torres |
| Esquema de clasificación | Dewey Decimal Classification |
| Suppress in OPAC | |
| Codigo completo | Registro | Colección | Copia número | Disponibilidad | Tipo de préstamo | Biblioteca Actual | Procedencia (Biblioteca) | Ubicacón | Fecha Ingreso | Tipo de Adquisición | Observación | Date last seen | Total checkouts | Price effective from | Tipo de Item | Estado del Material | Fuente de Clasificación | Damaged status | Withdrawn status |
|---|---|---|---|---|---|---|---|---|---|---|---|---|---|---|---|---|---|---|---|
| 711.4 J13 | 1085518 | Universidad Católica San Pablo | 1 | Disponible | Disponible | Víctor Andrés Belaunde | Víctor Andrés Belaunde | Segundo piso | 10/03/2026 | Compra | Arquiectura | 20/03/2026 | 20/03/2026 | Libro | Bueno | Dewey Decimal Classification |




